A textbook of engineering thermodynamics (SI UNITS) (Record no. 26814)

MARC details
000 -LEADER
fixed length control field 00490nam a2200193Ia 4500
020 ## - INTERNATIONAL STANDARD BOOK NUMBER
ISBN 9788131800584
050 ## - CALL MARK
Classification number TJ 265 .R35/
100 ## - STATEMENT OF RESPONSIBILITY--MAIN AUTHOR NAME
Personal name Rajput, R. K.
245 #2 - TITLE STATEMENT
Title A textbook of engineering thermodynamics (SI UNITS)
250 ## - EDITION / VOLUME STATEMENT
Edition / Volume statement 5th ed.
260 ## - PUBLICATION, DISTRIBUTION, ETC. (IMPRINT)
Place of publication New Delhi
260 ## - PUBLICATION, DISTRIBUTION, ETC. (IMPRINT)
Name of publisher Laxmi Publications (P) Ltd.
260 ## - PUBLICATION, DISTRIBUTION, ETC. (IMPRINT)
Year of publication 2016
300 ## - PHYSICAL DESCRIPTION
Number of Pages 935 p
650 ## - SUBJECT ADDED ENTRY--TOPICAL TERM
Topical Term Thermodynamics.
942 ## - ADDED ENTRY ELEMENTS (KOHA)
Koha item type Books
Holdings
Withdrawn status Lost status Source of classification or shelving scheme Damaged status Not for loan Permanent Location Current Location Shelving location Date acquired Full call number Accession Number Price effective from Koha item type
    Library of Congress Classification     NILE UNIVERSITY OF NIGERIA - MAIN LIBRARY NILE UNIVERSITY OF NIGERIA - MAIN LIBRARY Items on shelf 04/23/2025 TJ 265 .R35 0187317 04/23/2025 Books